| 000 | 00941nam a2200301 a 4500 | ||
|---|---|---|---|
| 001 | 015844855 | ||
| 003 | OSt | ||
| 005 | 20140227160214.0 | ||
| 008 | 111010s2012 xxua rb 001 0 eng d | ||
| 020 | _a0071086056 (pbk.) | ||
| 020 | _a9780071086059 (pbk.) | ||
| 040 |
_aStDuBDS _beng _cStDuBDS _dUk |
||
| 082 | 0 | 4 |
_a629.1 _bAND _222 |
| 100 | 1 |
_aAnderson, John David _919205 |
|
| 245 | 1 | 0 |
_aIntroduction to flight / _cJohn D. Anderson. |
| 250 |
_a7th ed., _binternational ed. |
||
| 260 |
_aNew York, United States : _bMcGraw-Hill, _c2012. |
||
| 300 |
_axviii, 925 p. : _bill. ; _c24 cm. |
||
| 500 | _aIndex : p. 913-925. | ||
| 500 | _aIncludes appendix. | ||
| 504 | _aIncludes bibliographical references. | ||
| 650 | 0 |
_aAerodynamics _96451 |
|
| 650 | 0 |
_aAirplanes _xDesign and construction _919207 |
|
| 650 | 0 |
_aSpace flight _929234 |
|
| 653 |
_bMec _cMarch2012 |
||
| 655 |
_vreading book _934232 |
||
| 942 |
_2ddc _cBB _k629.1 AND |
||
| 999 |
_c16550 _d16550 |
||